000 01202cam a22002771a 4500
001 ne 65002412
003 DLC
005 20260227111818.0
008 860806s1963 sy d 001 0 arar
010 _ane 65002412
035 _a(OCoLC)14054126
040 _aDLC
_cInU
_dDLC
041 0 _aarafre
042 _apremarc
050 0 0 _aQ123
_b.K33
100 1 _aKaḥḥālah, ʻUmar Riḍā.
245 1 3 _aal-Alfāẓ al-muʻarrabah wa-al-mawḍūʻah al-wāridah fī al-sanawāt al-ʻashr al-thālithah min Majallat al-Majmaʻ al-ʻIlmī al-ʻArabī 1365-1374 H -- 1946-1955 M /
_cjamʻ wa tartīb ʻUmar Ridā Kaḥḥālah.
260 _aDimashq :
_bMaṭbaʻat al-Taraqqá,
_c1963.
300 _a115, 47, 8 p. ;
_c24 cm.
490 1 _aMaṭbūʻāt al-Majmaʻ al-ʻIlmī al-ʻArabī bi-Dimashq
500 _aIncludes indexes.
500 _aTitle on added t.p.: Termes techniques parus dans la Revue de l'Académie arabe, t. xxi-xxx, extraits par Omar Rida Kahalé.
650 0 _aArabic language
_xGlossaries, vocabularies, etc.
740 0 _aTermes techniques parus dans la Revue de l'Académie arabe, t. xxi-xxx.
830 0 _aMaṭbūʻāt Majmaʻ al-Lughah al-ʻArabīyah bi-Dimashq.
999 _c48517
_d48517